000 00746nas1a22002651i 4500
001 RU\NLR\Per\547995
005 20241103161556.0
035 _a(NLR Aleph) 002707283
090 _a4373555
_c4373555
100 _a20080609a200 9999|||y0rusy50 ba
101 0 _arus
102 _aRU
110 _aau|||||||||
200 1 _aSpa & salon
210 _aМосква
_cМедиа Медика
_d2008 -
606 _aСПА-терапия
_jПериодические издания
_92516314
_3RU\NLR\AUTH\661491375
686 1 _aР354.4я52
801 2 _aRU
_bNLR
_c20080626
_2rusmarc
801 0 _aRU
_bNLR
_gPSBO
801 1 _aRU
_bNLR
_c20080609
_2rusmarc
852 _aNLR
_jП18/25
942 _cJOURNAL
980 _aRUSPER